Flaggen aller Länder Quiz Stats

 Plays Quiz not verified by Sporcle

Support Sporcle.
Go Orange.
Score 0/198 Timer 20:00
0 Plays Today
% Correct
Deutschland
83.3%
Japan
83.1%
Schweiz
83%
Kanada
83%
USA
83%
Schweden
82.8%
Frankreich
82.8%
Südkorea
82.8%
Belgien
82.8%
Brasilien
82.7%
Türkei
82.6%
Spanien
82.5%
Italien
82.5%
Finnland
81.9%
Israel
81.8%
China
81.7%
Griechenland
81.4%
Polen
81.4%
Russland
81.3%
Norwegen
81.3%
Portugal
81.2%
Argentinien
81.1%
Österreich
80.7%
Dänemark
80.7%
Niederlande
80.5%
Australien
80.3%
Vereinigtes Königreich
79.5%
Indien
79.2%
Irland
79.1%
Tschechien
78.8%
Kroatien
78.8%
Jamaika
78.3%
Zypern
78%
Südafrika
77.3%
Paraguay
77.3%
Rumänien
76.8%
Nicaragua
76.8%
Neuseeland
76.8%
Saudi Arabien
76.7%
Ukraine
76.6%
Albanien
76.5%
Ägypten
76.2%
Island
76%
Estland
75%
Nordkorea
75%
Mexiko
74.8%
Georgien
73.8%
El Salvador
72%
Chile
71.5%
Slowakei
70.6%
Lettland
69.9%
Iran
69.3%
Nepal
69.2%
Ungarn
69%
Nigeria
68.4%
Irak
68.1%
Vatikan
68%
Uruguay
67.7%
Slowenien
65.5%
Weißrussland
65.2%
Kolumbien
64%
Monaco
63.4%
Elfenbeinküste
63.2%
Luxemburg
62.8%
Bulgarien
62.7%
Algerien
62.2%
% Correct
Serbien
62%
Mazedonien
61.8%
Malta
61.7%
Tunesien
61.6%
Ghana
61.3%
Venezuela
61.3%
Vietnam
59%
Malaysia
58.9%
Marokko
58.9%
Peru
58.7%
Panama
58.3%
Syrien
57.6%
Thailand
57.1%
Ecuador
56.5%
Kosovo
56%
Indonesien
55.4%
Bosnien und Herzegowina
55.2%
Honduras
54.4%
Kasachstan
54.1%
Costa Rica
53.9%
Kuba
52.1%
Kamerun
51.8%
Katar
51.5%
Uganda
51.3%
Kenia
50.7%
Singapur
50.6%
Litauen
50.6%
Bahrain
50.2%
Libanon
49.2%
Liechtenstein
49.2%
San Marino
48.9%
Afghanistan
48.6%
Angola
48.5%
Mongolei
48%
Kuwait
47.4%
Andorra
46.9%
Jemen
46.6%
Pakistan
46.5%
Armenien
46%
Aserbaidschan
45.2%
Sri Lanka
45.2%
Bhutan
44.5%
Senegal
44.1%
Barbados
42.8%
Montenegro
42.6%
Bangladesch
41.8%
Botsuana
41.2%
Kambodscha
40.7%
Haiti
40.6%
Bahamas
39.9%
Cookinseln
39.9%
Seychellen
39.2%
Tschad
38.7%
Trinidad und Tobago
37.8%
Taiwan
37.7%
Dominikanische Republik
37.2%
Usbekistan
36.4%
Philippinen
36.3%
Vereinigte Arabische Emirate
36%
Zentralafrikanische Republik
35.7%
Fidschi
34.9%
Laos
34.6%
Liberia
34.5%
Turkmenistan
33.9%
Togo
33.8%
Moldau
33.2%
% Correct
Äthiopien
32.9%
Niger
32.7%
Somalia
32.7%
Swasiland
32.5%
Papua-Neuguinea
31.2%
Sudan
31.2%
Gabun
31.1%
Bolivien
30.6%
Mosambik
30.6%
Jordanien
30.1%
Madagaskar
29.9%
Mali
29.9%
Malediven
29.7%
Mauretanien
29.2%
Mikronesien
29%
Belize
28.9%
Guatemala
28.7%
Brunei
28.5%
Demokratische Republik Kongo
28%
Burkina Faso
27.9%
Oman
27.7%
Kirgisistan
27.4%
Libyen
26.8%
Mauritius
26.8%
Kap Verde
26.6%
St. Lucia
26.5%
Tonga
26.4%
Lesotho
26.4%
Marschallinseln
26.1%
Südsudan
25.7%
Simbabwe
25.4%
Burundi
25.2%
Eritrea
25.2%
Namibia
25.2%
Benin
25.2%
Palästina
25%
Palau
25%
Äquatorialguinea
24.6%
Myanmar
24.4%
Malawi
24%
Dominica
23.9%
Sierra Leone
23.5%
Sambia
23.4%
Tadschikistan
23.2%
Kiribati
23.2%
Tansania
22.9%
Guinea
22.6%
Grenada
22.5%
Republik Kongo
22.2%
Tuvalu
21%
Samoa
20.8%
Antigua und Barbuda
20.3%
St. Vincent und die Grenadinen
19.7%
Dschibuti
19.5%
Guinea-Bissau
19.5%
Ruanda
19.4%
Suriname
19.3%
Guyana
19%
Gambia
18.4%
Vanuatu
18.3%
Timor-Leste
18.2%
Nauru
18.2%
Komoren
18%
St. Kitts und Nevis
17.4%
Sao Tome und Principe
16.5%
Salomonen
15.9%

You're not logged in!

Compare scores with friends on all Sporcle quizzes.
OR
Log In

From the Vault

Lord of the Rings Top 50 Places

by Waterice_Man

Any place with a circle door is a good place in our book.
Remove Ads.
Support Sporcle.
Get the best of Sporcle when you Go Orange. This ad-free experience offers more features, more stats, and more fun while also helping to support Sporcle. Thank you for becoming a member.

Show Comments

Extras

Created Feb 17, 2020ReportNominate
Tags:Aller

Top Quizzes Today


Score Distribution

Your Account Isn't Verified!

In order to create a playlist on Sporcle, you need to verify the email address you used during registration. Go to your Sporcle Settings to finish the process.

Report this User

Report this user for behavior that violates our Community Guidelines.

Details: